Bankowe gwarancje poreczenia i awale

Salvato in:
Dettagli Bibliografici
Autore principale: Gromadzki, Leszek
Natura: Libro
Lingua:polacco
Pubblicazione: Warszawa Poltext 1997
Serie:Szkola Glówna Handlowa Studia Finansowo-Bankowe
Soggetti:
Tags: Aggiungi Tag
Nessun Tag, puoi essere il primo ad aggiungerne!!

MARC

LEADER 00000nam a2200000 4500
001 c121962
005 20221124074431.6
020 |a 83-86890-31-2 
041 0 |a pol 
044 |a PL 
245 1 0 |a Bankowe gwarancje  |b poreczenia i awale  |c Leszek Gromadzki 
264 1 |a Warszawa  |b Poltext  |c 1997 
300 |a 191 s. 
490 1 |a Szkola Glówna Handlowa  |v Studia Finansowo-Bankowe 
830 0 |a Szkola Glówna Handlowa  |v Studia Finansowo-Bankowe 
610 2 0 |a banky 
610 2 0 |a bankovníctvo 
610 2 0 |a záruka 
610 2 0 |a riziko bankové 
610 2 0 |a politika finančná 
610 2 0 |a obchody bankové 
610 2 0 |a náklady 
610 2 0 |a zisk 
610 2 0 |a operácie bankové 
610 2 0 |a Poľsko 
100 1 |a Gromadzki, Leszek